000
00467nam a2200145Ia 4500
008
090124s9999 xx 000 0 und d
082
_b
402196
245
_a
अलिबाबा आणि चाळीस चोर
250
_a
1
260
_b
चित्तरंजन.
_c
1986
300
_a
35
630
_a
अलिबाबा आणि चाळीस चोर
730
_a
अलिबाबा आणि चाळीस चोर
942
_c
BOOK
999
_c
198656
_d
198656